Estatísticas para Estados brasileiros por capitais

Clique aqui para jogar o quiz

Estatísticas Gerais

  • Esse quiz foi jogado 45 vezes
  • A pontuação média é 25 de 27

Estatísticas das Respostas

CapitalEstado% Correto
Belo HorizonteMinas Gerais
100%
BelémPará
100%
CuritibaParaná
100%
Rio de JaneiroRio de Janeiro
100%
NatalRio Grande do Norte
98%
FlorianópolisSanta Catarina
98%
São PauloSão Paulo
98%
Rio BrancoAcre
95%
ManausAmazonas
95%
SalvadorBahia
95%
CuiabáMato Grosso
95%
Campo GrandeMato Grosso do Sul
95%
Porto AlegreRio Grande do Sul
95%
BrasíliaDistrito Federal
93%
VitóriaEspirito Santo
93%
Boa VistaRoraima
93%
FortalezaCeará
91%
GoiâniaGoiás
91%
São LuizMaranhão
91%
RecifePernambuco
91%
TeresinaPiauí
91%
Porto VelhoRondônia
91%
PalmasTocantins
88%
MaceióAlagoas
86%
MacapáAmapá
86%
AracajuSergipe
86%
João PessoaParaíba
81%

Distribuição das Pontuações

Percentil de Números Respondidos

Porcentagem de Pessoas com Cada Pontuação

Sua Pontuação Histórica

Você não jogou esse quiz